| 000 | 00951nam a22002897a 4500 | ||
|---|---|---|---|
| 001 | 7305 | ||
| 003 | FISKH | ||
| 005 | 20250709090533.0 | ||
| 008 | 250709b cb ||||| |||| 00| 0 eng d | ||
| 020 | _a9780689864551 | ||
| 040 |
_aFISKH _beng _cFISKH _dFISKH |
||
| 050 | _aPZ7.D644 W | ||
| 082 | _a813.6 | ||
| 100 | _aW.Dixon, Franklin | ||
| 245 |
_aThe Hardy boys : _bWarehouse rumble / _cFranklin W.Dixon |
||
| 250 | _aThis edition first published in 2004 | ||
| 260 |
_aNew York : _bAladdin, _c2004 |
||
| 300 |
_a152 pages : _c20 cm |
||
| 505 | _aR | ||
| 520 | _aFrank and Joe hope to be among the first contestants in a reality-based game show called Warehouse Rumble. But when someone finds a skeleton on the set, production comes to a screeching halt. | ||
| 521 | 8 |
_a750
_bLexile |
|
| 521 | 8 |
_aR
_bRaz-Plus |
|
| 650 |
_2Adventure _aMystery series |
||
| 650 |
_2Junior Fiction _aMystery |
||
| 942 |
_2ddc _cBK _n0 |
||
| 999 |
_c7305 _d7305 |
||